| 000 | 00621cam a2200169 4500 | ||
|---|---|---|---|
| 001 | X118530 | ||
| 008 | 020625n2002 000 0 eng u | ||
| 035 | _a(Sirsi) u118530 | ||
| 100 | _aMinogue, A | ||
| 245 | 4 | _aThe Reckoning | |
| 260 | _c2002 | ||
| 490 |
_aBuilding _v(8231) 26 April 2002, 55 (1) |
||
| 520 | _aArgues that adjudication has increased disputes, and failed to deal satisfactorily with complex cases. | ||
| 650 | _aMANAGEMENT-DISPUTE AVOIDANCE, MANAGEMENT AND RESOLUTION-DISPUTE MANAGEMENT AND RESOLUTION-ALTERNATIVE DISPUTE RESOLUTION-ADJUDICATION | ||
| 690 |
_aDispute resolution _96236 |
||
| 942 | _n0 | ||
| 999 |
_c70576 _d70576 |
||